01085nam a2200217Ia 4500008004100000020001800041050001800059100004200077245015300119260005200272300001800324650004700342700004300389700003800432700003700470942000700507952011200514952011200626952011200738999001700850120626s1986 mx 000 0 spa d a968-18-2216-1 aHA29 S69 1986 917355aSpurr, William A.eautord1905 aToma de decisiones en administración c/ William a. Spurr y Charles P. Bonini ; vers. Española Luis Eduardo López Castro, Clara Zomer Rezler  aMéxicob : Ciencia y técnica : Limusac1986 a3 volúmenes aESTADÍSTICAxESTUDIO Y ENSEÑANZA97772 aZomer Rezler, Clara etraductor917356 aLópez Castro, Luis tr.917358 917357aBonini, Charles P.eautor cLB 00102lcc4070a22b22d2007-01-08l4oHA29 S69 1986p11 001090r2023-07-16s2017-12-13t3w2012-06-26yLB 00102lcc4070a22b22d2007-01-08l1oHA29 S69 1986p11 001091r2023-07-16s2015-04-10t2w2012-06-26yLB 00102lcc4070a22b22d2007-01-08l1oHA29 S69 1986p11 001092r2023-07-16s2015-04-10t1w2012-06-26yLB c69556d69556